Kirjaimella K alkavien valtioiden liput - Statistics

Yleistilastot
  • Tätä visaa on pelattu 52 kertaa
  • Keskiarvotulos 17 / 20
Vastaustilastot
Kuvavisa Vastaus % Oikein
Kanada
100%
Kiina
100%
Kreikka
100%
Kroatia
98%
Kenia
93%
Kuuba
93%
Kosovo
91%
Kypros
91%
Kambodža
87%
Kazakstan
85%
Kolumbia
85%
Kongon demokraattinen tasavalta
83%
Kirgisia
78%
Keski-Afrikan tasavalta
76%
Kuwait
76%
Kamerun
74%
Kap Verde
74%
Kiribati
72%
Kongon tasavalta
67%
Komorit
61%
Ehtoja vastaavia visoja ei löytynyt
Tulosjakauma
Jokaisen tuloksen saaneiden osuus
Persentiili vastausten määrän mukaan
Tuloshistoriasi
Et ole pelannut tätä visaa